Building maintenance : investment for the future: report of the Committee of Building Maintenance (Revisited) (Record no. 87550)
[ view plain ]
| 000 -LEADER | |
|---|---|
| fixed length control field | 00922cam a2200229 4500 |
| 008 - FIXED-LENGTH DATA ELEMENTS--GENERAL INFORMATION | |
| fixed length control field | 090401t1989 xxu||||| |||| 00| 0 eng d |
| 020 ## - INTERNATIONAL STANDARD BOOK NUMBER | |
| International Standard Book Number | 0906182395 |
| 035 ## - SYSTEM CONTROL NUMBER | |
| System control number | (Sirsi) u17808 |
| 041 ## - LANGUAGE CODE | |
| Language code of text/sound track or separate title | eng |
| 050 ## - LIBRARY OF CONGRESS CALL NUMBER | |
| Classification number | 690.24 |
| 110 ## - MAIN ENTRY--CORPORATE NAME | |
| Corporate name or jurisdiction name as entry element | Building Maintenance Information Ltd |
| 9 (RLIN) | 2307 |
| 245 ## - TITLE STATEMENT | |
| Title | Building maintenance : investment for the future: report of the Committee of Building Maintenance (Revisited) |
| 260 ## - PUBLICATION, DISTRIBUTION, ETC. | |
| Place of publication, distribution, etc. | Kingston upon Thames |
| Name of publisher, distributor, etc. | Building Maintenance Information Ltd |
| Date of publication, distribution, etc. | 1989 |
| 300 ## - PHYSICAL DESCRIPTION | |
| Extent | ii,75p. ; 30cm. |
| 350 ## - PRICE (NR) (BK AM CF MU VM SE) [OBSOLETE] | |
| Price | 12.5 |
| 490 ## - SERIES STATEMENT | |
| Series statement | Serial |
| Volume/sequential designation | 176/177 |
| 520 ## - SUMMARY, ETC. | |
| Summary, etc. | This item is part of a subscription service and cannot be photocopied. Neither can be any part of it be read out over the phone. Please contact BMI direct on 0171 222 7000 for details. Papers from a conference held on 8th December 1988. |
| 650 ## - SUBJECT ADDED ENTRY--TOPICAL TERM | |
| Topical term or geographic name entry element | BMI |
| 700 ## - ADDED ENTRY--PERSONAL NAME | |
| Personal name | Robertson, Douglas. |
| International Standard Serial Number | Editor |
| 942 ## - ADDED ENTRY ELEMENTS (KOHA) | |
| Suppress in OPAC | 0 |
| 948 ## - LOCAL PROCESSING INFORMATION (OCLC); SERIES PART DESIGNATOR (RLIN) | |
| c (OCLC) | 04/03/1997 |
| Withdrawn status | Lost status | Source of classification or shelving scheme | Damaged status | Not for loan | Home library | Current library | Shelving location | Date acquired | Cost, normal purchase price | Total Checkouts | Full call number | Barcode | Date last seen | Copy number | Cost, replacement price | Price effective from | Koha item type |
|---|---|---|---|---|---|---|---|---|---|---|---|---|---|---|---|---|---|
| Dewey Decimal Classification | London | London | Enquiry desk | 14/09/1999 | 12.50 | ENQUIRY DESK | 30025486 | 06/08/2019 | 1 | 12.50 | 06/08/2019 | Reference material |